Gaming Quiz

Random Gaming or Video Games Quiz

Video Games by Mug Quiz Stats

 Plays Quiz Updated Mar 28, 2016

Score 0/20 Timer 04:00
1 Play Today
% Correct
Sonic the Hedgehog
99%
Super Mario Bros
95.1%
Pokémon
94.8%
Pac-Man
94.7%
Angry Birds
94.2%
Tetris
91.2%
Pong
82.6%
Mortal Kombat
81%
Minecraft
80.4%
Assassin's Creed
77.7%
% Correct
Street Fighter
76.7%
Mega Man
74.8%
The Legend of Zelda: Ocarina of Time
59.5%
Asteroids
57%
Crash Bandicoot
50.6%
Earthworm Jim
49.5%
Call of Duty: Ghosts
47.8%
Mass Effect
41.1%
Resident Evil
40.8%
Metal Gear Solid
30.4%

You're not logged in!

Compare scores with friends on all Sporcle quizzes.
OR
Log In

Show Comments

Extras

Top Quizzes Today


Score Distribution

Your Account Isn't Verified!

In order to create a playlist on Sporcle, you need to verify the email address you used during registration. Go to your Sporcle Settings to finish the process.

Report this User

Report this user for behavior that violates our Community Guidelines.

Details: